Sweden Squad WC2026 - Statistics

General Stats
  • This quiz has been taken 8 times
  • The average score is 7 of 26
Answer Stats
Position Club Player % Correct
Attack Arsenal Viktor Gyokeres
100%
Defender Aston Villa Victor Lindelof
86%
Attack Liverpool Alexander Isak
71%
Midfield Tottenham Lucas Bergvall
57%
Attack Newcastle Anthony Elanga
43%
Defender St Pauli Eric Smith
43%
Defender Atalanta Isak Hien
43%
Attack Celtic Benjamin Nygren
29%
Defender Leeds United Gabriel Gudmundsson
29%
Defender Burnley Hjalmar Ekdal
29%
Goalkeeper AIK Kristoffer Nordfeldt
29%
Midfield Brighton Yasin Ayari
29%
Defender Celta Vigo Carl Starfelt
14%
Defender Borussia Dortmund Daniel Svensson
14%
Midfield Mjallby Elliot Stroud
14%
Defender Juventus Emil Holm
14%
Attack Club Brugge Gustaf Nilsson
14%
Goalkeeper Derby County Jacob Zetterstrom
14%
Midfield Udinese Jasper Karlstrom
14%
Defender Pafos Ken Sema
14%
Attack Malmo Taha Ali
14%
Goalkeeper Stoke City Viktor Johansson
14%
Attack Holstein Kiel Alexander Bernhardsson
0%
Midfield Union St-Gilloise Besfort Zeneli
0%
Defender Braga Gustaf Lagerbielke
0%
Midfield Wolfsburg Mattias Svanberg
0%
No matching quizzes found
Score Distribution
Percent of People with Each Score
Percentile by Number Answered
Your Score History
You have not taken this quiz